Ascetic Games: (Record no. 183580)
[ view plain ]
| 000 -LEADER | |
|---|---|
| fixed length control field | 00653nam a22001817a 4500 |
| 005 - DATE AND TIME OF LATEST TRANSACTION | |
| control field | 20211229104052.0 |
| 010 ## - LCCN (DPL NO) | |
| LC control number | ENG-114150 |
| 020 ## - INTERNATIONAL STANDARD BOOK NUMBER | |
| International Standard Book Number | 978-93-88-689-410 |
| Terms of availability | 599.00 |
| 035 ## - SYSTEM CONTROL NUMBER | |
| System control number | EN-114150 |
| 037 ## - SOURCE OF ACQUISITION | |
| Source of stock number/acquisition | DBAD |
| 082 ## - DEWEY DECIMAL CLASSIFICATION NUMBER | |
| Classification number | 322.10954 |
| 100 ## - MAIN ENTRY--PERSONAL NAME | |
| Personal name | Jha, Dhirendra K. |
| 245 ## - TITLE STATEMENT | |
| Title | Ascetic Games: |
| Remainder of title | Sadhus, Akharas and the Making of the Hindu Vote/ |
| Statement of responsibility, etc | Dhirendra K. Jha |
| 260 ## - PUBLICATION, DISTRIBUTION, ETC. (IMPRINT) | |
| Place of publication, distribution, etc | Chennai |
| Name of publisher, distributor, etc | Westland Publications Private Limited |
| Date of publication, distribution, etc | 2019 |
| 270 ## - ADDRESS | |
| Address | 1st Floor, A Block, East Wing, Plot No. 40, SP Infocity, Dr MGR Salai, Perungudi, Kandanchavadi |
| City | Chennai |
| Postal code | 600096 |
| 300 ## - PHYSICAL DESCRIPTION | |
| Extent | 218p |
| Dimensions | 22cm(hbk) |
| 942 ## - ADDED ENTRY ELEMENTS (KOHA) | |
| Source of classification or shelving scheme | Dewey Decimal Classification |
| Item type | English Books |
| Classification part | 322.10954 |
| Call number suffix | JHA |
| Withdrawn status | Lost status | Not for loan | Collection code | Home library | Current library | Date acquired | Source of acquisition | Cost, normal purchase price | Full call number | Barcode | Copy number | Cost, replacement price | Koha item type |
|---|---|---|---|---|---|---|---|---|---|---|---|---|---|
| Non-fiction | Mobile Library | Mobile Library | 29/12/2021 | DBAD/PUB | 599.00 | 322.10954 JHA | EN-114150 | 1 | 599.00 | English Books |
